Library of the University of Algiers 3
Ibrahim Sultan Cheibout
شعار جامعة الجزائر 3
مكتبة جامعة الجزائر 3
إبراهيم سلطان شيبوط

التسويق الصيدلي / (رقم التسجيلة. 44584)

تفاصيل مارك
000 -LEADER
fixed length control field 01846nam a2200253Ia 4500
003 - CONTROL NUMBER IDENTIFIER
control field Ost
005 - DATE AND TIME OF LATEST TRANSACTION
control field 20260507075446.0
008 - FIXED-LENGTH DATA ELEMENTS--GENERAL INFORMATION
fixed length control field 260507s9999||||xx |||||||||||||| ||und||
020 ## - INTERNATIONAL STANDARD BOOK NUMBER
International Standard Book Number 9957120433
040 ## - CATALOGING SOURCE
Transcribing agency fsecg
041 ## - LANGUAGE CODE
Language code of text/sound track or separate title ara
082 ## - DEWEY DECIMAL CLASSIFICATION NUMBER
Classification number 615.10688
100 ## - MAIN ENTRY--PERSONAL NAME
Personal name العلاق، بشير
Relator term مؤلف
245 #0 - TITLE STATEMENT
Title التسويق الصيدلي /
Statement of responsibility, etc. بشير العلاق
260 ## - PUBLICATION, DISTRIBUTION, ETC.
Place of publication, distribution, etc. عمان:
Name of publisher, distributor, etc. دار اليازوري,
Date of publication, distribution, etc. 2007
300 ## - PHYSICAL DESCRIPTION
Extent 247 صفحة؛
Dimensions 24 سم
504 ## - BIBLIOGRAPHY, ETC. NOTE
Bibliography, etc. note بيبليوغرافيا ص.247
520 ## - SUMMARY, ETC.
Summary, etc. التطور العلمي شمل كل المجالات والتي منها الفكر الإداري وفلسفته، فلا شك أن التسوق كعلم تطور بشكل كبير من الناحيتين العلمية والعملية وكانت له مساهماته الواضحة في دفع عجلة التقدم الاقتصادي إلى الأمام وأصبح له فكره المميز من خلال التطور الذي حذف في الكثير من مفاهيمه، بل وأصبح أكثر شمولية من حيث التطبيق فشمل كافة المنظمات مهما كانت طبيعة عملها.ونعرض في هذا الكتاب مايلي : الصناعات الصيدلانية المؤسسات والخواص ،الموقع الاجتماعي للتسويق الصيدلاني البيئة التسويقية الدوائية والصيدلانية،دراسة السوق الصيدلاني،دراسة المنتجات الدوائية والصيدلانية ،استراتيجية التسعير،،التوزيع،الترويج الدوائي،الانشطة التسويقية للصيدليات
653 ## - INDEX TERM--UNCONTROLLED
Uncontrolled term تسويق صيدلاني
653 ## - INDEX TERM--UNCONTROLLED
Uncontrolled term صناعة صيدلانية
653 ## - INDEX TERM--UNCONTROLLED
Uncontrolled term منتج
653 ## - INDEX TERM--UNCONTROLLED
Uncontrolled term موقع اجتماعي
942 ## - ADDED ENTRY ELEMENTS (KOHA)
Koha item type كتب
المقتنيات
Withdrawn status Lost status Source of classification or shelving scheme Damaged status Not for loan Home library Current library Date acquired Serial enumeration / chronology Inventory number Total checkouts Full call number Barcode Date last seen Price effective from Koha item type
    Dewey Decimal Classification   NOT LOAN / إعارة داخلية مكتبة كلية العلوم الإقتصادية والعلوم التجارية وعلوم التسيير مكتبة كلية العلوم الإقتصادية والعلوم التجارية وعلوم التسيير 07/05/2026 الطابق الأرضي 3779   أ/2812ن1 3779 07/05/2026 07/05/2026 كتب
    Dewey Decimal Classification   Available مكتبة كلية العلوم الإقتصادية والعلوم التجارية وعلوم التسيير مكتبة كلية العلوم الإقتصادية والعلوم التجارية وعلوم التسيير 07/05/2026 الطابق الأرضي 3780   أ/2812ن2 3780 07/05/2026 07/05/2026 كتب
    Dewey Decimal Classification   Available مكتبة كلية العلوم الإقتصادية والعلوم التجارية وعلوم التسيير مكتبة كلية العلوم الإقتصادية والعلوم التجارية وعلوم التسيير 07/05/2026 الطابق الأرضي 3781   أ/2812ن3 3781 07/05/2026 07/05/2026 كتب
    Dewey Decimal Classification   Available مكتبة كلية العلوم الإقتصادية والعلوم التجارية وعلوم التسيير مكتبة كلية العلوم الإقتصادية والعلوم التجارية وعلوم التسيير 07/05/2026 الطابق الثاني 3782   أ/2812ن4 3782 07/05/2026 07/05/2026 كتب
    Dewey Decimal Classification   Available مكتبة كلية العلوم الإقتصادية والعلوم التجارية وعلوم التسيير مكتبة كلية العلوم الإقتصادية والعلوم التجارية وعلوم التسيير 07/05/2026 الطابق الثاني 3783   أ/2812ن5 3783 07/05/2026 07/05/2026 كتب
    Dewey Decimal Classification   Available مكتبة كلية العلوم الإقتصادية والعلوم التجارية وعلوم التسيير مكتبة كلية العلوم الإقتصادية والعلوم التجارية وعلوم التسيير 07/05/2026 مكتبة بن عكنون 3784   أ/2812ن6 3784 07/05/2026 07/05/2026 كتب
    Dewey Decimal Classification   Available مكتبة كلية العلوم الإقتصادية والعلوم التجارية وعلوم التسيير مكتبة كلية العلوم الإقتصادية والعلوم التجارية وعلوم التسيير 07/05/2026 مكتبة بن عكنون 3785   أ/2812ن7 3785 07/05/2026 07/05/2026 كتب
    Dewey Decimal Classification   Available مكتبة كلية العلوم الإقتصادية والعلوم التجارية وعلوم التسيير مكتبة كلية العلوم الإقتصادية والعلوم التجارية وعلوم التسيير 07/05/2026 مكتبة بن عكنون 3786   أ/2812ن8 3786 07/05/2026 07/05/2026 كتب

موارد الويب المفتوحة


© University of Algiers 3 All Rights Reserved
|
Implemented by LECHELAH Riad